书目信息 |
| 题名: |
金融犯罪司法实务及预防对策
|
|
| 作者: | ;最高人民检察院检察理论研究所 组织编写 | |
| 分册: | ||
| 出版信息: | 上海 上海辞书出版社 1997 |
|
| 页数: | 225页 | |
| 开本: | 19cm | |
| 丛书名: | ||
| 单 册: | ||
| 中图分类: | D924.334 | |
| 科图分类: | ||
| 主题词: | 金融--刑事犯罪--研究--中国 | |
| 电子资源: | ||
| ISBN: | 978-7-5326-0424-1 | |
| 000 | 00752nam0 2200217 450 | |
| 001 | 0100619827 | |
| 005 | 20100630160234.0 | |
| 010 | @a978-7-5326-0424-1@dCNY9.00 | |
| 100 | @a20021005d1997 emky0chiy0110 ea | |
| 101 | 0 | @achi |
| 102 | @aCN@b310000 | |
| 105 | @ay zn 000yy | |
| 106 | @ar | |
| 200 | 1 | @a金融犯罪司法实务及预防对策@9Jin Rong Fan Zui Si Fa Shi Wu Ji Yu Fang Dui Ce @f最高人民检察院检察理论研究所组织编写@b专著 |
| 210 | @a上海@c上海辞书出版社@d1997 | |
| 215 | @a225页@d19cm | |
| 606 | 0 | @a金融@x刑事犯罪@x研究@y中国 |
| 690 | @aD924.334@v3 | |
| 711 | 02 | @a最高人民检察院检察理论研究所@9zui gao ren min jian cha yuan jian cha li lun yan jiu suo@4组织编写 |
| 801 | 0 | @aCN@bAiZhiMarc@c19980125 |
| 905 | @aBZT@dD924.334@e16@f8@sD924.334/16 | |
| 金融犯罪司法实务及预防对策/最高人民检察院检察理论研究所组织编写.-上海:上海辞书出版社,1997 |
| 225页;19cm |
| ISBN 978-7-5326-0424-1:CNY9.00 |
| ● |
| 相关链接 |
|
|
|
正题名:金融犯罪司法实务及预防对策
索取号:D924.334/16
 
预约/预借
| 序号 | 登录号 | 条形码 | 馆藏地/架位号 | 状态 | 备注 |
| 1 | 2000100392 | 2000100392 | 旧书回溯/ [索取号:D924.334/16] | 在馆 | |
| 2 | 2000108955 | 2000108955 | 旧书回溯/ [索取号:D924.334/16] | 在馆 | |
| 3 | 2000109978 | 2000109978 | 旧书回溯/ [索取号:D924.334/16] | 在馆 | |
| 4 | 2000109979 | 2000109979 | 旧书回溯/ [索取号:D924.334/16] | 在馆 | |
| 5 | 2000112181 | 2000112181 | 旧书回溯/ [索取号:D924.334/16] | 在馆 | |
| 6 | 2000112659 | 2000112659 | 旧书回溯/ [索取号:D924.334/16] | 在馆 | |
| 7 | 2000151003 | 2000151003 | 旧书回溯/ [索取号:D924.334/16] | 在馆 | |
| 8 | 2000151042 | 2000151042 | 旧书回溯/ [索取号:D924.334/16] | 在馆 |